000 00654nam a2200253Ia 4500
003 OSt
005 20221006155637.0
006 a|||||r|||| 00| 0
007 ta
008 221006b |||||||| |||| 00| 0 chi d
024 _a42,904
037 _cAnnuals, Advances
040 _aEASL
_cEASL
_bchi
041 _2chi
_achi
082 _aY.41, K9
100 _aYi Jiayue etc.
_9669879
245 0 _aZhongguo Jiating Wenti
260 _aShanghai
_bShanghai Taidong Tushuju China
_c1969
300 _ap.
_ccm.
490 _v CCL
650 _aCCL
942 _hY.41, K9
_cREF
_2CC
999 _c1110990
_d1110990